000 00512nam a2200205Ia 4500
003 OSt
005 20140314150404.0
008 140130s9999 xx 000 0 und d
020 _a9780590982351
050 _aPZ 7
_b.R982Hed 2003
100 _aRylant, Cynthia
245 _cCynthia Rylant
_aHenry & Mudge Get Cold Shivers /
260 _bScholastic,
_c2003.
_aNew York :
300 _a48 p. :
_bcol. ill, ;
_c22 cm.
440 _v1
521 _aG2
526 _c480
942 _cBK
_2lcc
999 _c40473
_d40473